| 000 | 00608nam a2200193Ia 4500 | ||
|---|---|---|---|
| 003 | GCL | ||
| 008 | 140319s9999 xx 000 0 ara d | ||
| 040 |
_aGCL / _cGCL |
||
| 082 | 0 | 4 |
_a146.3 _bج ف |
| 100 | 1 | _aمحمد اسماعيل محمد | |
| 245 | 1 | 0 |
_aالفلسفة المادية الجدلية / _cمحمد اسماعيل محمد |
| 700 | 1 | _aجست، دافيد | |
| 260 |
_a[S.N] : _bدار القرن العشرين للنشر |
||
| 300 | _a76 ص | ||
| 490 |
_aالسلسلة الفلسفية _v0 |
||
| 650 | 0 | 4 | _aالفلسفة |
| 650 | 0 | 4 | _aالفلسفة المادية |
| 942 |
_2ddc _cBK |
||
| 999 |
_c40101 _d40101 |
||